Introducción y transplante de especies del recurso hídrico (Registro nro. 16610)

Detalles MARC
000 -CABECERA
Campo de control 003940000a22001330004500
090 ## - CLASIFICACIÓN LOCAL
Colección MM
Consecutivo 00227
041 0# - IDIOMA
Código de idioma para texto/pista de sonido o título separado
044 ## - PAÍS DE PUBLICACIÓN
País de publicación
110 1# - ASIENTO PRINCIPAL--NOMBRE CORPORATIVO
Nombre corporativo o de jurisdicción como elemento de entrada Instituto de Investigación de Recursos Biológicos Alexander von Humboldt
245 10 - MENCION DE TITULO
Título Introducción y transplante de especies del recurso hídrico
260 ## - PUBLICACION, DISTRIBUCION, ETC. (PIE DE IMPRENTA)
Lugar de publicación, distribución, etc. Bogotá
Nombre del editor, distribuidor, etc. Instituto Humboldt
300 ## - DESCRIPCION FISICA
Extensión CD-ROM
942 ## - ELEMENTOS ADICIONALES (KOHA)
Tipo de ítem CD-ROM
Existencias
Withdrawn status Lost status Sistema de Clasificación Damaged status No para préstamo Colección Ubicación Permanente Ubicación actual Fecha de adquisición Fuente de Valor Total Checkouts Número topográfico Inventario / Código de Barras Date last seen Ejemplar Price effective from Forma de adquisición Tipo de material
    Dewey Decimal Classification     Audiovisual Bogotá Bogotá 17/05/2005 Renjifo, Luis Miguel   MM-00227 018878 25/03/2015 1 25/03/2015 Donación CD-ROM